| 000 | 01472nam a2200385 i 4500 | ||
|---|---|---|---|
| 003 | DO-SdBNP | ||
| 005 | 20250827104416.0 | ||
| 007 | ta | ||
| 008 | 250827b1999 dr ||||| |||| 00| 0 spa d | ||
| 020 | _a9993400645 | ||
| 040 |
_aDO-SdBNP _bspa _cBNPHU _erda |
||
| 041 | _aspa | ||
| 082 | 4 |
_a347.07293 _bT231e, 1999 _222 |
|
| 100 | 1 |
_aTavares, F., _eautor _4aut. _936209 |
|
| 245 | 1 | 0 |
_aElementos de derecho procesal civil dominicano / _cF. Tavares ; revisada, Froilan J. R. Tavares, Margarita A. Tavares |
| 250 | _aOctava edición, reimpresión | ||
| 264 | 1 |
_aSanto Domingo : _bEditora Centenario, _c1999. |
|
| 300 |
_avolúmenes ; _c21 cm. |
||
| 336 |
_atexto _btxt _2rdacontent |
||
| 337 |
_asin mediación _bn _2rdamedia |
||
| 338 |
_avolumen _bnc _2rdacarrier |
||
| 500 | _aIncluye referencias bibliográficas y notas al pie de páginas. | ||
| 500 | _aIncluye índice alfabetico. | ||
| 500 | _aLa biblioteca posee el volumen 2 | ||
| 504 | _aBibliografía : páginas 489-491 | ||
| 505 |
_gVolumen II -- _tEl proceso -- _tLa sentencia / |
||
| 590 | _aInventariado, 2025/ YL | ||
| 650 | 4 |
_aDerecho penal _xLegislación _zRepública Dominicana _916570 |
|
| 650 | 4 |
_aProcedimiento penal _xLegislación _zRepública Dominicana _916571 |
|
| 650 | 4 |
_aDerecho civil _zRepública Dominicana _91058 |
|
| 700 | 1 |
_aTavares, Froilán J. R., _erevisión _912248 _4rev. |
|
| 700 | 1 |
_aTavares, Margarita A., _erevisión _4rev. _985166 |
|
| 910 | _aYLockward | ||
| 942 |
_2ddc _cLBS1 |
||
| 999 |
_c59831 _d59831 |
||